| 000 | 01045nam\a2200289\a\4500 | ||
|---|---|---|---|
| 001 | 57737 | ||
| 005 | 20260402125544.0 | ||
| 008 | 260401 ii b 001 0 eng | ||
| 020 | _a0195665031 | ||
| 020 | _a9780195665031 | ||
| 040 |
_aDLC _cDLC _dBD-DhIUB |
||
| 082 | 0 | 0 |
_a340.5254 _222 _bM548h |
| 100 | 1 | _aMenski, Werner. | |
| 245 | 1 | 0 |
_aHindu law : _bbeyond tradition and modernity / _cWerner Menski. |
| 260 |
_aNew Delhi ; _aNew York : _bOxford University Press, _cc2003. |
||
| 300 |
_axxii, 648 p. ; _c27 cm. |
||
| 504 | _aIncludes bibliographical references (p. [610]-639) and index. | ||
| 526 |
_aSL _blaw _lLaw |
||
| 541 | _aTRIM | ||
| 650 | 0 |
_aHindus _xLegal status, laws, etc. _zIndia. |
|
| 650 | 0 |
_aCivil law _zIndia. |
|
| 650 | 0 |
_aHindu law _xHistory. |
|
| 856 | 4 | 2 |
_3Publisher description _uhttp://www.loc.gov/catdir/enhancements/fy0615/2003328320-d.html |
| 942 |
_2ddc _cBK |
||
| 999 |
_c57737 _d57911 |
||